[Event "2024 British Rapidplay Championship"]
[Site "Holiday Inn Peterborough - West"]
[Date "2024.03.02"]
[Round "1.27"]
[White "Graff, Ben"]
[Black "Pickard, Charles"]
[Result "0-1"]
[WhiteFideId "424170"]
[BlackFideId "470880"]
[WhiteElo "1782"]
[BlackElo "2190"]
[EventDate "2024.03.02"]

1. e4 c5 2. Nc3 e6 3. b3 d5 4. exd5 exd5 5. Bb5+ Nc6 6. Bb2 d4 7. Ne4 Qd5 8. Qe2
Be6 9. Bc4 Qd7 10. Ng5 O-O-O 11. Bxe6 fxe6 12. O-O-O e5 13. d3 Nf6 14. N1f3 Bd6 15.
Ne4 Nd5 16. Nxd6+ Qxd6 17. Rhe1 Rde8 18. Qe4 g6 19. Qg4+ Qd7 20. Qxd7+ Kxd7 21. Re4
Rhf8 22. Rde1 Kd6 23. Kd2 Nf4 24. Nh4 g5 25. g3 Nh3 26. Ng2 Rxf2+ 27. R4e2 Ref8 28.
a3 Rxe2+ 29. Rxe2 Ng1 30. Bc1 Nxe2 31. Kxe2 h6 32. h4 gxh4 33. Nxh4 h5 34. Bd2 Kd5
35. Be1 e4 36. dxe4+ Kxe4 37. Ng6 Rf6 38. Nh4 Ne5 39. Bd2 Nf3 40. Nxf3 Rxf3 41. Be1
b5 42. Kd2 c4 43. bxc4 bxc4 0-1

[Event "2024 British Rapidplay Championship"]
[Site "Holiday Inn Peterborough - West"]
[Date "2024.03.02"]
[Round "1.28"]
[White "Shearsby, Jude"]
[Black "Zhang, Junyi"]
[Result "1-0"]
[WhiteFideId "462527"]
[BlackFideId "494437"]
[WhiteElo "2028"]
[BlackElo "1701"]
[EventDate "2024.03.02"]

1. d4 Nf6 2. Nc3 e6 3. Bf4 Bb4 4. Qd3 b6 5. Qf3 Nc6 6. O-O-O Bb7 7. a3 Bxc3 8. Qxc3
Nd5 9. Qg3 Nxf4 10. Qxf4 d6 11. e4 Qe7 12. d5 exd5 13. exd5 Ne5 14. Bb5+ Nd7 15.
Nf3 O-O 16. Rhe1 Qf6 17. Qg3 Nc5 18. Rd4 a6 19. Bf1 Rfe8 20. Rxe8+ Rxe8 21. Rf4 Qe7
22. Rg4 f5 23. Rd4 Ne4 24. Qf4 Qf7 25. c4 Nxf2 26. Ng5 Qf6 27. Ne6 Ne4 28. Rd1 Bc8
29. Nd4 Bd7 30. Kb1 Ba4 31. Rd3 Nc5 32. Re3 Re4 33. Rxe4 Nxe4 34. Nxf5 Bd7 35. g4
g6 36. Qxe4 gxf5 37. Qf4 Kg7 38. g5 Qe7 39. Bd3 Kg6 40. h4 Qe5 41. Qf3 Qe1+ 42. Ka2
Qxh4 43. Bc2 Qxc4+ 44. Bb3 Qc5 45. Qe2 Bb5 46. Qe7 Bc4 47. Qf6+ Kh5 48. Qxf5 Bxb3+
49. Kxb3 Qe3+ 50. Ka2 Qxg5 51. Qxh7+ Kg4 52. Qe4+ Qf4 53. Qg2+ Kf5 54. Qc2+ Kf6 55.
Qxc7 b5 56. Qc3+ Qe5 57. Qf3+ Ke7 58. Qg2 Qd4 59. Qe2+ Kd7 60. Qe6+ Kc7 61. Qe7+
Kc8 62. Qe8+ Kb7 63. Qc6+ Ka7 64. Qc7+ Ka8 65. Qd8+ Kb7 66. Qe7+ Ka8 67. Qxd6 Qc4+
68. Kb1 Qf1+ 69. Kc2 Qc4+ 70. Kd1 Qd3+ 71. Ke1 Qe3+ 72. Kf1 Qf3+ 73. Kg1 Qd1+ 74.
Kf2 Qd4+ 75. Kf3 Qd3+ 76. Kf4 Qd2+ 77. Ke5 Qxb2+ 78. Ke6 Qe2+ 79. Kd7 Qg4+ 80. Qe6
Qg7+ 81. Qe7 Qg4+ 82. Kc6 Qg6+ 83. d6 Qc2+ 84. Kb6 Qc8 85. Qc7 Qxc7+ 86. Kxc7 a5
87. d7 b4 88. d8=Q+ Ka7 89. Qb8+ Ka6 90. Qb6# 1-0

[Event "2024 British Rapidplay Championship"]
[Site "Holiday Inn Peterborough - West"]
[Date "2024.03.02"]
[Round "1.29"]
[White "Gunarathne, Senith"]
[Black "Burrows, Martin P"]
[Result "0-1"]
[WhiteFideId "343104324"]
[BlackFideId "409057"]
[WhiteElo "1591"]
[BlackElo "2057"]
[EventDate "2024.03.02"]

1. e4 c5 2. Nf3 d6 3. d4 cxd4 4. Nxd4 Nf6 5. Nc3 a6 6. Bg5 e6 7. f4 Be7 8. Qf3 Qc7
9. g4 Nbd7 10. O-O-O b5 11. Bxf6 Nxf6 12. g5 Nd7 13. f5 O-O 14. fxe6 fxe6 15. Nxe6
Rxf3 16. Nxc7 Bxg5+ 17. Kb1 Rb8 18. Bg2 Rf2 19. Bh3 Ne5 20. Bxc8 Rxc8 21. Ne6 Bf6
22. Rdf1 Rxf1+ 23. Rxf1 Nc4 24. Rf4 Be5 25. Rf2 Bxc3 26. bxc3 Re8 27. Nc7 Rxe4 28.
a3 Nxa3+ 29. Ka2 Nc4 30. Nxa6 h5 31. Kb3 g5 32. Nc7 Na5+ 33. Ka3 Re5 34. Rd2 Nc4+
35. Kb4 Nxd2 36. Nxb5 Ne4 37. c4 g4 38. Nxd6 Nxd6 39. c5 Nc8 40. c4 h4 41. Kb5 g3
42. Kc6 gxh2 43. Kc7 Rxc5+ 44. Kb8 Rxc4 45. Ka8 h1=Q+ 46. Kb8 Qb1+ 47. Ka8 Ra4# 0-1

[Event "2024 British Rapidplay Championship"]
[Site "Holiday Inn Peterborough - West"]
[Date "2024.03.02"]
[Round "1.30"]
[White "Hryshchenko, Kamila"]
[Black "Siu, Kam Wa"]
[Result "1-0"]
[WhiteFideId "14147491"]
[BlackFideId "6008860"]
[WhiteElo "2118"]
[BlackElo "1456"]
[EventDate "2024.03.02"]

1. e4 c5 2. Nf3 g6 3. d3 Bg7 4. g3 Nc6 5. Bg2 e6 6. O-O d5 7. Nbd2 Nge7 8. Ng5 O-O
9. Kh1 h6 10. Nh3 b6 11. f4 Bb7 12. Nf2 Rc8 13. c3 Qd7 14. e5 a6 15. Ng4 Kh8 16.
Nf3 Qd8 17. Nh4 Nf5 18. Nxf5 exf5 19. Ne3 Ne7 20. d4 cxd4 21. Qxd4 f6 22. exf6 Bxf6
23. Qd3 Qd7 24. Nc2 Rfd8 25. Be3 b5 26. Rad1 d4 27. Bxd4 Bxg2+ 28. Kxg2 Kg8 29. Qf3
Bxd4 30. Nxd4 Qa7 31. Rfe1 Kf7 32. Re5 Qb6 33. Rde1 Rd7 34. Re6 Qc7 35. Rxa6 b4 36.
Qe2 bxc3 37. bxc3 Qxc3 38. Qe6+ Kf8 39. Qf6+ Kg8 40. Rxe7 Qxd4 41. Qxg6+ Kf8 42.
Qf7# 1-0

[Event "2024 British Rapidplay Championship"]
[Site "Holiday Inn Peterborough - West"]
[Date "2024.03.02"]
[Round "1.31"]
[White "De Silva, Sithun"]
[Black "Mikalajunas, Kajus"]
[Result "0-1"]
[WhiteFideId "343419925"]
[BlackFideId "483621"]
[WhiteElo "1737"]
[BlackElo "2042"]
[EventDate "2024.03.02"]

1. e4 c6 2. d4 d5 3. Nc3 dxe4 4. Nxe4 Nf6 5. Nxf6+ exf6 6. c3 Bd6 7. Bd3 O-O 8. Ne2
Re8 9. O-O Nd7 10. Qc2 Nf8 11. g3 Bh3 12. Re1 Qd7 13. Bf4 Ng6 14. Bxd6 Qxd6 15. Bxg6
hxg6 16. Nf4 Bf5 17. Qd2 g5 18. Nd3 Qd5 19. Nb4 Qf3 20. Nc2 Be4 21. Rxe4 Rxe4 22.
Ne1 Qe2 23. Qxe2 Rxe2 24. Rb1 Rae8 25. Kf1 g4 26. Nd3 Rd2 27. Nf4 Kh7 28. h4 g5 29.
hxg5 fxg5 30. Ng2 Ree2 31. Ne3 Rxf2+ 32. Kg1 Rf3 33. Nxg4 Rxg3+ 34. Kf1 Rxg4 35.
Ke1 Rh2 0-1

[Event "2024 British Rapidplay Championship"]
[Site "Holiday Inn Peterborough - West"]
[Date "2024.03.02"]
[Round "1.32"]
[White "Toma, Katarzyna"]
[Black "Herring, Tim JC"]
[Result "1-0"]
[WhiteFideId "1119907"]
[BlackFideId "429775"]
[WhiteElo "2122"]
[BlackElo "1755"]
[EventDate "2024.03.02"]

1. e4 d5 2. exd5 Qxd5 3. Nc3 Qa5 4. Nf3 Nf6 5. Bc4 Bg4 6. h3 Bh5 7. d3 e6 8. Qe2
Nc6 9. g4 Bg6 10. Bd2 Bb4 11. a3 Bxc3 12. Bxc3 Qc5 13. O-O-O O-O-O 14. Rhg1 Rhg8
15. h4 h6 16. g5 Nd5 17. Bd2 Bh5 18. Qe4 Nd4 19. Nxd4 Bg6 20. Nxe6 Qxf2 21. Qe5 f6
22. gxf6 gxf6 23. Qg3 Qxg3 24. Rxg3 Rd6 25. Nf4 Nxf4 26. Bxf4 1-0

[Event "2024 British Rapidplay Championship"]
[Site "Holiday Inn Peterborough - West"]
[Date "2024.03.02"]
[Round "1.33"]
[White "Takvorian, Sebouh"]
[Black "Jermy, Jaden"]
[Result "0-1"]
[WhiteFideId "430960"]
[BlackFideId "459496"]
[WhiteElo "1735"]
[BlackElo "1978"]
[EventDate "2024.03.02"]

1. e4 c5 2. a3 g6 3. Nc3 Bg7 4. g3 d6 5. Bg2 Nc6 6. d3 e5 7. f4 Nge7 8. Nh3 O-O 9.
O-O f5 10. Be3 Nd4 11. Qd2 Rb8 12. Rae1 b5 13. Nd1 Qc7 14. c3 Ne6 15. Ndf2 Bb7 16.
g4 exf4 17. Nxf4 Nxf4 18. Bxf4 fxg4 19. Nxg4 Nc6 20. Bh6 Ne5 21. Bxg7 Qxg7 22. Nh6+
Kh8 23. d4 Nc4 24. Qg5 cxd4 25. cxd4 Qxd4+ 26. Kh1 Qe5 27. Qh4 Qg7 28. Bh3 Ne5 29.
Be6 Nf3 30. Rxf3 Rxf3 31. Bd5 Bxd5 32. exd5 Rbf8 33. Ng4 Qxb2 0-1

[Event "2024 British Rapidplay Championship"]
[Site "Holiday Inn Peterborough - West"]
[Date "2024.03.02"]
[Round "1.34"]
[White "Frostick, Clive A"]
[Black "Kairat, Alexander"]
[Result "1/2-1/2"]
[WhiteFideId "411302"]
[BlackFideId "498629"]
[WhiteElo "2162"]
[BlackElo "1723"]
[EventDate "2024.03.02"]

1. e4 c5 2. Nf3 Nc6 3. Bb5 Nd4 4. Nxd4 cxd4 5. c3 a6 6. Bc4 dxc3 7. bxc3 e6 8. d4
b5 9. Bd3 Bb7 10. O-O Rc8 11. Bd2 Nf6 12. Qe2 Be7 13. a4 bxa4 14. Rxa4 Qb6 15. e5
Qc6 16. f3 Qxa4 17. exf6 Bxf6 18. Be3 d5 19. Rc1 O-O 20. f4 g6 21. Nd2 Qa3 22. Nb1
Qa4 23. Nd2 Qa3 24. Nb1 Qa4 1/2-1/2

[Event "2024 British Rapidplay Championship"]
[Site "Holiday Inn Peterborough - West"]
[Date "2024.03.02"]
[Round "1.35"]
[White "Smith, Andrew PE"]
[Black "Manley, Jon P"]
[Result "0-1"]
[WhiteFideId "469793"]
[BlackFideId "403296"]
[WhiteElo "1645"]
[BlackElo "2160"]
[EventDate "2024.03.02"]

1. d4 d5 2. Nf3 Nf6 3. e3 e6 4. Bd3 c5 5. b3 Nbd7 6. Nbd2 b6 7. Bb2 Bb7 8. Qe2 g6
9. O-O Bg7 10. Ne5 O-O 11. Ndf3 Ne8 12. Nxd7 Qxd7 13. c4 Nd6 14. Ne5 Qe7 15. f4 Rac8
16. Rac1 f6 17. Nf3 Ne4 18. Qc2 Rfd8 19. Rfd1 a6 20. Nd2 Nxd2 21. Qxd2 f5 22. Qe2
dxc4 23. Bxc4 b5 24. Bd3 cxd4 25. Rxc8 Bxc8 26. e4 fxe4 27. Bxe4 Kh8 28. Qf3 e5 29.
fxe5 Qxe5 30. Bd3 Qg5 31. Bc1 Qg4 32. Qxg4 Bxg4 33. Re1 Bf6 34. h3 Bd7 35. Bf4 Kg7
36. Be5 Re8 37. Bxf6+ Kxf6 38. Rf1+ Ke6 39. Rf4 Ke5 40. Rf7 Bf5 41. Bxf5 gxf5 42.
Rxh7 Rc8 43. Ra7 Rc1+ 44. Kh2 d3 45. Rd7 Ke4 46. Kg3 Ke3 47. Re7+ Kd2 48. Kf2 Kc2
49. Rc7+ Kd1 50. Rd7 d2 51. Ke3 Rc3+ 52. Kf2 Kc1 53. Ke2 Rc2 0-1

[Event "2024 British Rapidplay Championship"]
[Site "Holiday Inn Peterborough - West"]
[Date "2024.03.02"]
[Round "1.36"]
[White "Khoury, Theo"]
[Black "Jacklin, Sam"]
[Result "1-0"]
[WhiteFideId "480703"]
[BlackFideId "343414850"]
[WhiteElo "1968"]
[BlackElo "1723"]
[EventDate "2024.03.02"]

1. e4 c6 2. d4 d5 3. exd5 cxd5 4. Bd3 Nf6 5. h3 Nc6 6. Nf3 e6 7. Bf4 Bd6 8. Bxd6
Qxd6 9. c3 O-O 10. O-O e5 11. dxe5 Nxe5 12. Nxe5 Qxe5 13. Nd2 Be6 14. Nf3 Qh5 15.
Nd4 Qxd1 16. Raxd1 Rfe8 17. Rfe1 Bd7 18. f3 a6 19. Kf2 g6 20. g4 Kf8 21. h4 Rxe1
22. Rxe1 Re8 23. Rxe8+ Nxe8 24. Ke3 Ke7 25. Kf4 Kf6 26. g5+ Ke7 27. Ke5 Nc7 28. f4
Be6 29. f5 Bc8 30. Be2 Bd7 31. h5 b5 32. Bg4 Ne8 33. Kxd5 f6 34. fxg6 hxg6 35. Bxd7
Kxd7 36. h6 fxg5 37. Ke5 Nd6 38. Kf6 Ke8 39. h7 Nf7 40. Ne6 g4 41. Ng7+ Kf8 42. Ne6+
Ke8 43. Ng5 Nh8 44. Kg7 g3 45. Kxh8 g2 46. Nf3 Kf8 47. b3 g5 48. c4 g4 49. Ng1 1-0

[Event "2024 British Rapidplay Championship"]
[Site "Holiday Inn Peterborough - West"]
[Date "2024.03.02"]
[Round "1.37"]
[White "Letton, Rob"]
[Black "Larchikov, Maksym"]
[Result "0-1"]
[WhiteFideId "464384"]
[BlackFideId "34120815"]
[WhiteElo "1722"]
[BlackElo "1981"]
[EventDate "2024.03.02"]

1. e4 c5 2. g3 Nc6 3. Nc3 g6 4. Bg2 Bg7 5. d3 d6 6. f4 e6 7. Nf3 Nge7 8. O-O O-O
9. Rb1 Rb8 10. Be3 Nd4 11. Ne2 Nxf3+ 12. Bxf3 e5 13. Bg2 b6 14. Nc3 Be6 15. a4 Qd7
16. a5 bxa5 17. Qd2 a4 18. fxe5 Bxe5 19. d4 cxd4 20. Bxd4 Nc6 21. Bxe5 Nxe5 22. Qd4
Rfc8 23. Rfd1 Rc4 24. Qxd6 Qxd6 25. Rxd6 Rxc3 26. Kf1 0-1

[Event "2024 British Rapidplay Championship"]
[Site "Holiday Inn Peterborough - West"]
[Date "2024.03.02"]
[Round "1.38"]
[White "White, Stuart A"]
[Black "Railwani, Tavish"]
[Result "1-0"]
[WhiteFideId "407747"]
[BlackFideId "2410249"]
[WhiteElo "2147"]
[BlackElo "1714"]
[EventDate "2024.03.02"]

1. d4 Nf6 2. c4 e6 3. Nc3 Bb4 4. e3 O-O 5. Bd2 d5 6. Nf3 Nbd7 7. Bd3 b6 8. cxd5 exd5
9. O-O Bb7 10. Ne5 Nxe5 11. dxe5 Nd7 12. f4 Nc5 13. Bc2 Ba6 14. Ne2 Bxd2 15. Qxd2
Ne4 16. Qe1 Qe7 17. Rf3 Qc5 18. Nd4 Qe7 19. Rh3 c5 20. Nf5 Qe6 21. g4 Rfe8 22. Qh4
Qg6 23. Ne7+ Rxe7 24. Qxe7 Qxg4+ 25. Rg3 Nxg3 26. hxg3 Qxg3+ 27. Kh1 Qh3+ 28. Kg1
Qxe3+ 29. Kh1 Qxf4 30. Rg1 Qf3+ 31. Kh2 Qh5+ 32. Kg2 Qg4+ 33. Kh2 Qf4+ 34. Rg3 h5
35. e6 Bf1 36. exf7+ Qxf7 37. Bh7+ 1-0

[Event "2024 British Rapidplay Championship"]
[Site "Holiday Inn Peterborough - West"]
[Date "2024.03.02"]
[Round "1.39"]
[White "Kennedy, Aden"]
[Black "Surtees, Mike J"]
[Result "0-1"]
[WhiteFideId "343401015"]
[BlackFideId "412619"]
[WhiteElo "1639"]
[BlackElo "2035"]
[EventDate "2024.03.02"]

1. e4 c6 2. d4 d5 3. exd5 cxd5 4. Nc3 a6 5. Bf4 Nc6 6. Nf3 Bg4 7. Be2 e6 8. O-O Bxf3
9. Bxf3 Bd6 10. Bxd6 Qxd6 11. Re1 Nge7 12. Qd3 O-O 13. Rad1 Rfc8 14. a3 b5 15. Re3
Nf5 16. Ree1 Nfxd4 17. Ne2 Nxf3+ 18. Qxf3 Ne5 19. Qg3 Nc4 20. Qxd6 Nxd6 21. Nd4 Nc4
22. Rb1 e5 23. Nf5 Kf8 24. Red1 d4 25. Ng3 Rc7 26. Ne2 Rac8 27. c3 dxc3 28. Nxc3
Nxb2 29. Nxb5 Nxd1 30. Nxc7 Nc3 31. Rb7 Nb5 32. Kf1 Rxc7 33. Rb6 Nd4 34. Ke1 Rc6
35. Rb8+ Ke7 36. Kd2 f5 37. Kd3 Nb5 38. a4 Nc7 39. Rb7 Kf6 40. Rb8 Ne6 41. Ke3 f4+
42. Kf3 h5 43. g3 Rc3+ 44. Kg2 f3+ 45. Kh3 Rc4 46. g4 Rxg4 47. Rb6 Kf5 48. Rxe6 Kxe6
49. a5 Rg2 50. Kh4 Rxh2+ 51. Kg3 Rg2+ 52. Kxf3 Rg6 53. Ke4 h4 54. f4 exf4 55. Kxf4
h3 56. Ke4 h2 57. Kd4 h1=Q 58. Kc5 Kd7 59. Kc4 Qh5 60. Kd3 Rg4 61. Ke2 Qh3 62. Ke1
Rg2 63. Kf1 Qh1# 0-1

[Event "2024 British Rapidplay Championship"]
[Site "Holiday Inn Peterborough - West"]
[Date "2024.03.02"]
[Round "1.40"]
[White "Starley, Robert"]
[Black "Stokes, Richard"]
[Result "1/2-1/2"]
[WhiteFideId "421006"]
[BlackFideId "432628"]
[WhiteElo "1944"]
[BlackElo "1692"]
[EventDate "2024.03.02"]

1. e4 c5 2. Nf3 d6 3. d4 cxd4 4. Nxd4 Nf6 5. Nc3 a6 6. Bg5 e6 7. f4 h6 8. Bh4 Be7
9. Qf3 O-O 10. O-O-O Nc6 11. e5 Nxd4 12. Rxd4 Nd5 13. Bxe7 Qxe7 14. exd6 Qxd6 15.
Nxd5 exd5 16. Qxd5 Qb6 17. Qd6 Qa5 18. Bc4 b5 19. Bd5 Ra7 20. h3 Rd7 21. Qe5 Bb7
22. Rhd1 Bxd5 23. Rxd5 Rxd5 24. Qxd5 Qb4 25. Kb1 Qxf4 26. Qc6 Qf2 27. a3 Qe2 28.
Rd3 Re8 29. Qxa6 Qxg2 30. Qxb5 Re1+ 31. Ka2 Qxc2 32. Rd8+ Kh7 33. Qd3+ Qxd3 34. Rxd3
f5 35. a4 f4 36. a5 Re3 37. Rd4 f3 38. b4 f2 39. Rf4 Re2+ 40. Kb3 g5 41. Rf7+ Kg6
42. Rf8 Kg7 43. Rxf2 Rxf2 44. a6 Rf7 45. b5 Ra7 46. Kb4 h5 47. Ka5 g4 48. hxg4 hxg4
49. b6 Rxa6+ 50. Kxa6 g3 51. b7 g2 52. b8=Q g1=Q 53. Qa7+ Qxa7+ 54. Kxa7 1/2-1/2

[Event "2024 British Rapidplay Championship"]
[Site "Holiday Inn Peterborough - West"]
[Date "2024.03.02"]
[Round "1.41"]
[White "Amir, Zain"]
[Black "Banerjee, Supratit"]
[Result "0-1"]
[WhiteFideId "473227"]
[BlackFideId "2410079"]
[WhiteElo "1689"]
[BlackElo "1962"]
[EventDate "2024.03.02"]

1. d4 d5 2. Bf4 Nf6 3. e3 Bf5 4. Nf3 e6 5. Bd3 Ne4 6. Nbd2 Be7 7. O-O O-O 8. c4 Nxf2
9. Rxf2 Bxd3 10. cxd5 exd5 11. Qb3 Ba6 12. Rc1 c6 13. e4 Bd6 14. Bg5 Qd7 15. Kh1
h6 16. Be3 Qe6 17. Re1 Nd7 18. e5 Be7 19. Nf1 c5 20. Ng3 c4 21. Qc2 Bb4 22. Rc1 f6
23. exf6 Qxe3 24. fxg7 Rf7 25. Rd1 c3 26. bxc3 Qxc3 27. Qg6 Qc6 28. Qg4 Nf6 29. Qh4
Nd7 30. Qg4 Re8 31. Nf5 Qe6 32. h3 Qxf5 33. Qh4 Qg6 34. Rb2 Bd6 0-1

[Event "2024 British Rapidplay Championship"]
[Site "Holiday Inn Peterborough - West"]
[Date "2024.03.02"]
[Round "1.42"]
[White "Birtwistle, Nigel"]
[Black "Markan, Sanket"]
[Result "1-0"]
[WhiteFideId "406945"]
[BlackFideId "343442226"]
[WhiteElo "2114"]
[BlackElo "1680"]
[EventDate "2024.03.02"]

1. Nf3 Nf6 2. d4 e6 3. c4 d5 4. Nc3 Be7 5. cxd5 exd5 6. Bg5 c6 7. e3 O-O 8. Bd3 Nbd7
9. O-O Re8 10. Qc2 Nf8 11. Rab1 Bg4 12. Ne5 Bh5 13. b4 h6 14. Bf4 Ne6 15. Bg3 a6
16. a4 Rc8 17. Rfc1 Ng5 18. Bf5 Ne6 19. Qd2 Bd6 20. f4 g6 21. Bd3 Ng4 22. h3 Nxe5
23. dxe5 Bf8 24. Bf2 d4 25. Ne4 dxe3 26. Qxe3 Nxf4 27. Qxf4 Qxd3 28. Nf6+ Kh8 29.
Nxe8 Rxe8 30. Qxf7 Qd8 31. Re1 Re7 32. Qf4 g5 33. Qe4 Bg7 34. e6 Qe8 35. Bc5 Bg6
36. Qe3 Rxe6 37. Qxe6 Qxe6 38. Rxe6 Bxb1 39. Re8+ Kh7 40. Re7 Kg6 41. Rxb7 Bc2 42.
a5 Bd3 43. Rd7 Bb5 44. Kf2 Bc3 45. Ke3 Kf5 46. Rd6 h5 47. Bd4 Bxd4+ 48. Kxd4 g4 49.
h4 Kf4 50. Rf6 Kg3 51. Ke3 Kxg2 52. Kf4 Kh3 53. Rh6 g3 54. Rg6 g2 55. Kf3 Bc4 56.
Kf2 Bd5 57. Rg5 Kxh4 58. Rxd5 cxd5 59. Kxg2 d4 60. b5 d3 61. Kf2 Kg4 62. bxa6 d2
63. Ke2 h4 64. a7 d1=Q+ 65. Kxd1 h3 66. a8=Q 1-0

[Event "2024 British Rapidplay Championship"]
[Site "Holiday Inn Peterborough - West"]
[Date "2024.03.02"]
[Round "1.43"]
[White "Cancedda-Dupuis, Livio"]
[Black "Barton, Ben"]
[Result "1-0"]
[WhiteFideId "499447"]
[BlackFideId "343416993"]
[WhiteElo "1960"]
[BlackElo "1671"]
[EventDate "2024.03.02"]

1. e4 c5 2. Nf3 Nc6 3. Bb5 e6 4. Nc3 Nge7 5. O-O a6 6. Bxc6 Nxc6 7. d4 cxd4 8. Nxd4
Bc5 9. Nb3 Ba7 10. Bf4 Bb8 11. Qd2 Bxf4 12. Qxf4 Qe7 13. Rad1 O-O 14. Rfe1 e5 15.
Qe3 Nb4 16. Rd2 b5 17. a3 Nc6 18. Red1 Ra7 19. Nd5 Qd8 20. Qc5 f5 21. Ne3 fxe4 22.
Qxc6 Qh4 23. Qd5+ Kh8 24. Qc5 Rf6 25. Qxc8+ Rf8 26. Qxf8# 1-0

[Event "2024 British Rapidplay Championship"]
[Site "Holiday Inn Peterborough - West"]
[Date "2024.03.02"]
[Round "1.44"]
[White "Waterman, Nick I"]
[Black "Zhao, George"]
[Result "0-1"]
[WhiteFideId "443123"]
[BlackFideId "494607"]
[WhiteElo "1667"]
[BlackElo "1909"]
[EventDate "2024.03.02"]

1. c4 e6 2. g3 Nf6 3. Bg2 d5 4. Nf3 dxc4 5. Qa4+ Nbd7 6. Qxc4 a6 7. O-O b5 8. Qc2
Bb7 9. a3 c5 10. d3 Be7 11. Nbd2 O-O 12. b3 Rc8 13. Bb2 h6 14. Rac1 Qb6 15. Qb1 Rfd8
16. Rfd1 Ng4 17. h3 Ngf6 18. d4 cxd4 19. Nxd4 Bxg2 20. Kxg2 Bxa3 21. Bxa3 Qxd4 22.
Nf3 Qb6 23. Rd6 Qa7 24. Rcd1 Re8 25. e3 Nd5 26. Qd3 Rc3 27. Qd4 Qxd4 28. Nxd4 Nb8
29. Rc1 Rxc1 30. Bxc1 Rc8 31. Ba3 b4 32. Bb2 Kf8 33. e4 Ke7 34. Nf5+ exf5 35. Rxd5
fxe4 36. Re5+ Kf8 37. Rxe4 a5 38. Re5 Rc2 39. Bd4 Nc6 40. Bc5+ Kg8 41. Re8+ Kh7 42.
Be3 a4 43. bxa4 b3 44. a5 b2 45. a6 b1=Q 46. a7 Nxa7 47. Bxa7 Qb7+ 0-1

[Event "2024 British Rapidplay Championship"]
[Site "Holiday Inn Peterborough - West"]
[Date "2024.03.02"]
[Round "1.45"]
[White "Southcott-Moyers, Indy"]
[Black "Keshari, Krish"]
[Result "1-0"]
[WhiteFideId "488542"]
[BlackFideId "496197"]
[WhiteElo "1993"]
[BlackElo "1666"]
[EventDate "2024.03.02"]

1. d4 d5 2. c4 e6 3. Nf3 Nf6 4. Nc3 Be7 5. g3 c6 6. Bg2 O-O 7. O-O Nbd7 8. Qd3 Re8
9. e4 dxe4 10. Nxe4 Nxe4 11. Qxe4 Nf6 12. Qe2 Bd7 13. Ne5 Rc8 14. Be3 Qc7 15. Bf4
Qd8 16. Rfd1 b5 17. b3 bxc4 18. bxc4 c5 19. dxc5 Rxc5 20. Nc6 Qc8 21. Nxe7+ Rxe7
22. Bd6 Re8 23. Bxc5 Qxc5 24. Qe3 Qxe3 25. fxe3 Rc8 26. Rac1 g6 27. c5 Bc6 28. Bxc6
Rxc6 29. Rd8+ Kg7 30. Rd6 Rc7 31. c6 Kf8 32. Rd8+ Ke7 33. Rb8 Nd5 34. Kf2 Nb6 35.
Rb7 Kd6 36. Ke2 Nc8 37. e4 e5 38. g4 h6 39. Kd3 Ne7 40. Rxc7 Kxc7 41. Rf1 f5 42.
exf5 g5 43. Ke4 Nxc6 44. f6 Nd4 45. f7 Ne6 46. f8=Q Nxf8 47. Rxf8 1-0

[Event "2024 British Rapidplay Championship"]
[Site "Holiday Inn Peterborough - West"]
[Date "2024.03.02"]
[Round "1.46"]
[White "Mehta, Sophie"]
[Black "Kovalskyi, Roman"]
[Result "1-0"]
[WhiteFideId "487996"]
[BlackFideId "14184214"]
[WhiteElo "1635"]
[BlackElo "1983"]
[EventDate "2024.03.02"]

1. d4 d5 2. Bf4 c5 3. e3 cxd4 4. exd4 Bf5 5. Bd3 Bxd3 6. Qxd3 Nc6 7. Nf3 a6 8. a3
Nf6 9. O-O e6 10. Nbd2 Bd6 11. Ne5 O-O 12. Ndf3 h6 13. h3 Ne4 14. Nd2 Bxe5 15. Bxe5
Nxd2 16. Qxd2 f6 17. Bh2 Qb6 18. c3 Na5 19. Rab1 Rae8 20. Rfe1 Rf7 21. Re3 Nc4 22.
Qc1 Nxe3 23. Qxe3 e5 24. b4 Rfe7 25. Qf3 e4 26. Qe3 Qb5 27. Bf4 Qd3 28. Qe1 e3 29.
fxe3 Rxe3 30. Bxe3 Rxe3 31. Qc1 Qxc3 32. Qxc3 Rxc3 33. a4 Rc4 34. Kf2 Rxd4 35. Ke3
Rc4 36. Kd3 Kf7 37. a5 Ke6 38. b5 axb5 39. Rxb5 Ra4 40. Rxb7 g6 41. Rb6+ Ke5 42.
a6 Ra3+ 43. Ke2 h5 44. Kd2 Ra2+ 45. Kc3 Rxg2 46. Rb2 d4+ 47. Kb3 Rg3+ 48. Ka4 Rg1
49. Ra2 Rc1 50. Kb5 d3 51. a7 Rb1+ 52. Ka6 d2 53. Rxd2 Ra1+ 54. Kb7 Rb1+ 55. Ka6
Ra1+ 56. Kb6 g5 57. Re2+ Kf4 58. Kb7 Rb1+ 59. Ka6 Ra1+ 60. Kb7 Rb1+ 61. Ka6 f5 62.
Ra2 g4 63. a8=Q gxh3 64. Ra4+ Kg3 65. Qg8+ Kh2 66. Ra2+ Kh1 67. Qd5+ Kg1 68. Qc5+
Kh1 69. Qf2 1-0

[Event "2024 British Rapidplay Championship"]
[Site "Holiday Inn Peterborough - West"]
[Date "2024.03.02"]
[Round "1.47"]
[White "Hutchinson, Paul A"]
[Black "Knox, Edward"]
[Result "1-0"]
[WhiteFideId "411558"]
[BlackFideId "343432328"]
[WhiteElo "2064"]
[BlackElo "1661"]
[EventDate "2024.03.02"]

1. d4 g6 2. c4 Bg7 3. Nc3 d6 4. Nf3 e5 5. dxe5 dxe5 6. Qxd8+ Kxd8 7. e4 f6 8. Be3
Be6 9. O-O-O+ Nd7 10. h4 Bh6 11. Bxh6 Nxh6 12. Nd5 Ng4 13. Rd2 c6 14. Nc3 Ke7 15.
Ne1 h5 16. Nc2 Rad8 17. f3 Nh6 18. Be2 Nf7 19. Rhd1 Nb6 20. Ne3 Rxd2 21. Rxd2 Rd8
22. b4 Rxd2 23. Kxd2 Nd6 24. c5 Ndc4+ 25. Nxc4 Nxc4+ 26. Bxc4 Bxc4 27. a3 f5 28.
g3 Kf6 29. exf5 gxf5 30. Ke3 Bb3 31. Nb1 Ke6 32. Nd2 Bc2 33. Nc4 e4 34. fxe4 fxe4
35. Nd6 b6 36. Nxe4 Bd1 37. Nc3 Bg4 38. Na4 b5 39. Nc3 Ke5 40. Nb1 Kd5 41. Nd2 Bf5
42. Nb3 Kc4 43. Na5+ Kd5 44. Nb3 Bg4 45. Nd4 Bd7 46. Nf3 Bg4 47. Nd2 Bd7 48. Kd3
Ke5 49. Ke3 Kd5 50. Ne4 Ke5 51. Ng5 Kd5 52. Kd3 Bf5+ 53. Kc3 Bg4 54. Kd3 Bf5+ 55.
Ke3 Bg4 56. Nf7 Bd7 57. Nd6 Bg4 58. Nb7 Kc4 59. Ke4 Kb3 60. Na5+ Kxa3 61. Nxc6 Bd7
62. Nxa7 Kxb4 63. c6 Be6 64. c7 Kc3 65. Nxb5+ Kb4 66. Nd6 Kc5 67. c8=Q+ Bxc8 68.
Nxc8 Kc6 69. Ne7+ Kd7 70. Ng6 Ke6 71. Kf4 Kf6 72. Ne5 Kg7 73. Kg5 Kh7 74. Kxh5 1-0

[Event "2024 British Rapidplay Championship"]
[Site "Holiday Inn Peterborough - West"]
[Date "2024.03.02"]
[Round "1.48"]
[White "Fisher, Neal"]
[Black "Lalic, Susan K"]
[Result "0-1"]
[WhiteFideId "442100"]
[BlackFideId "401510"]
[WhiteElo "1647"]
[BlackElo "2059"]
[EventDate "2024.03.02"]

1. e4 c6 2. Nf3 d5 3. exd5 cxd5 4. d4 Nc6 5. c3 g6 6. h4 h5 7. Ng5 Nh6 8. Bd3 Bf5
9. O-O Bxd3 10. Qxd3 Qd7 11. Nf3 Bg7 12. Re1 Nf5 13. Bg5 O-O 14. Nbd2 Rfe8 15. Re2
a6 16. Rae1 e6 17. Nb3 b6 18. Ne5 Nxe5 19. dxe5 Qa4 20. Nd4 Nxd4 21. cxd4 Qxa2 22.
Qe3 Qa4 23. b3 Qb4 24. Bf6 Rac8 25. Qd3 Rc3 26. Qxa6 Qxd4 27. Bxg7 Kxg7 28. Qa1 Rec8
29. g3 Rxg3+ 0-1

[Event "2024 British Rapidplay Championship"]
[Site "Holiday Inn Peterborough - West"]
[Date "2024.03.02"]
[Round "1.49"]
[White "Brett, Andrew R"]
[Black "Cepoi, Gesneria-Codruta"]
[Result "1-0"]
[WhiteFideId "416460"]
[BlackFideId "1285297"]
[WhiteElo "2119"]
[BlackElo "1655"]
[EventDate "2024.03.02"]

1. d4 Nf6 2. c4 e6 3. Nc3 d5 4. cxd5 exd5 5. Bg5 Be7 6. e3 Bf5 7. Bxf6 Bxf6 8. Qb3
Bc8 9. Nxd5 Nd7 10. Nxf6+ Qxf6 11. Nf3 O-O 12. Be2 c5 13. O-O Re8 14. Rfd1 b6 15.
Bb5 Re7 16. dxc5 bxc5 17. Qa4 Nf8 18. Bc6 Rb8 19. Bd5 Rxb2 20. Rac1 Rc7 21. Qa3 Rb5
22. Qd3 Rb6 23. Nd2 Ba6 24. Qc3 Qg5 25. Ne4 Qe7 26. Ng3 Rb4 27. Nf5 Qg5 28. e4 Be2
29. Rd2 Bg4 30. Ne3 Bc8 31. Qxb4 cxb4 32. Rxc7 Be6 33. Rxa7 Qd8 34. Ra8 Qd6 35. Rc2
h6 36. Bxe6 fxe6 37. Rcc8 Qd3 38. Rxf8+ Kh7 39. Ra7 Qb1+ 40. Nf1 Qxe4 41. Rff7 Kg6
42. Rxg7+ Kh5 43. Ng3+ 1-0